Ľudová architektúra (21.) v okrese Galanta

Bibliographic Details
Main Author: Vanečková, Mária (Author)
Format: Article
Language:Slovak
PhysicalDescription:Obr. 4.
Subjects:

MARC

LEADER 00000nab a2200000 a 4500
001 vtls000152048
003 SK-MaSNL
005 20260305034548.0
008 111104c1983 xo 0 slo
015 |a SNBRB19rr/mm-uuuuu 
035 |a CL0162155 
040 |a SNKBUCL  |b slo  |c SNKBUCL  |e AACR2 
041 0 |a slo 
044 |a xo  |c SK 
080 |a 72.067.26  |2 1981 
100 1 |a Vanečková, Mária  |4 aut  |9 1130730 
245 1 0 |a Ľudová architektúra (21.) v okrese Galanta  |c Mária Vanečková 
300 |b Obr. 4. 
650 0 7 |a ľudová architektúra  |2 snkbucl  |9 2956 
650 0 7 |a domy obytné  |2 snkbucl  |9 887912 
651 7 |a 5203  |2 snkbucl  |9 380309 
651 7 |a Galanta (Slovensko : okres)  |2 snkbucl  |9 15964 
655 7 |a články z novín a časopisov  |2 snkbucl  |9 267496 
773 0 |t Hlas ľudu  |g Roč. 29, č. 66 (19. 3. 1983), s. 4 
850 |a Slovenská národná knižnica v Martine  |a MTA001 
852 |a SNK  |b KIS3GCP 
958 |a RK 
992 |a RBX 
999 |c 3329913  |d 3331843